Tertiary and Quaternary geology of the lower Rio Grande region, Texas, (Record no. 26978)

MARC details
000 -LEADER
fixed length control field 01019cam a22002771 4500
001 - CONTROL NUMBER
control field gs 32000216
003 - CONTROL NUMBER IDENTIFIER
control field DLC
005 - DATE AND TIME OF LATEST TRANSACTION
control field 20260227111337.0
008 - FIXED-LENGTH DATA ELEMENTS--GENERAL INFORMATION
fixed length control field 800611s1932 dcuabf b f001 0 eng
010 ## - LIBRARY OF CONGRESS CONTROL NUMBER
LC control number gs 32000216
035 ## - SYSTEM CONTROL NUMBER
System control number (OCoLC)6408264
040 ## - CATALOGING SOURCE
Original cataloging agency DLC
Transcribing agency ICharE
Modifying agency DLC
043 ## - GEOGRAPHIC AREA CODE
Geographic area code n-us-tx
050 00 - LIBRARY OF CONGRESS CALL NUMBER
Classification number QE75
Item number .B9 no. 837
051 ## - LIBRARY OF CONGRESS COPY, ISSUE, OFFPRINT STATEMENT
Classification number QE691
Item number .T7
100 1# - MAIN ENTRY--PERSONAL NAME
Personal name Trowbridge, Arthur C.
Fuller form of name (Arthur Carleton),
Dates associated with a name 1885-
245 10 - TITLE STATEMENT
Title Tertiary and Quaternary geology of the lower Rio Grande region, Texas,
Statement of responsibility, etc. by A.C. Trowbridge.
260 ## - PUBLICATION, DISTRIBUTION, ETC.
Place of publication, distribution, etc. Washington,
Name of publisher, distributor, etc. U.S. Govt. Print. Off.,
Date of publication, distribution, etc. 1932.
300 ## - PHYSICAL DESCRIPTION
Extent viii, 260 p.
Other physical details incl. maps, tables, diagrs., 45 pl. (incl. 11 maps (9 fold. in pocket) fold. diagr.)
Dimensions 23 cm.
490 0# - SERIES STATEMENT
Series statement U.S. Geological survey. Bulletin 837
500 ## - GENERAL NOTE
General note At head of title: United States Department of the Interior.
504 ## - BIBLIOGRAPHY, ETC. NOTE
Bibliography, etc. note Bibliographical foot-notes.
650 #0 - SUBJECT ADDED ENTRY--TOPICAL TERM
Topical term or geographic name entry element Geology
Geographic subdivision Texas.
650 #0 - SUBJECT ADDED ENTRY--TOPICAL TERM
Topical term or geographic name entry element Geology, Stratigraphic
Chronological subdivision Tertiary.
650 #0 - SUBJECT ADDED ENTRY--TOPICAL TERM
Topical term or geographic name entry element Geology, Stratigraphic
Chronological subdivision Quaternary.

No items available.

Powered by Koha